000 01095nam a22003017a 4500
001 229
003 FISKH
005 20230307155901.0
008 230307b cb ||||| |||| 00| 0 eng d
020 _a9780679892823
040 _aDLC
_cDLC
_dDLC
_dFISKH
_beng
050 0 0 _aPZ7.B912
_bPai 1999
082 0 0 _a814.54
_221
100 1 _aBulla, Clyde Robert.
245 1 4 _aThe Paint Brush Kid /
_cby Clyde Robert Bulla ; illustrated by Ellen Beier.
260 _aNew York :
_bRandom House,
_c1999.
300 _a64 p. :
_bill. ;
_c20 cm.
500 _a"A Stepping Stone book."
520 _aNine-year-old Gregory paints pictures representing the life of the Mexican American old man known as Uncle Pancho and attempts to save him from losing his house.
521 8 _a550
_bLexile
521 8 _aK
_bRaz-Plus
650 1 _aArtists
_xFiction.
650 1 _aMexican Americans
_xFiction.
700 1 _aBeier, Ellen,
_eill.
856 4 2 _3Publisher description
_uhttp://www.loc.gov/catdir/description/random048/97051153.html
906 _a7
_bcbc
_corignew
_d1
_eocip
_f19
_gy-gencatlg
942 _2ddc
_cBK
_n0
999 _c229
_d229